ইতিহাসের খেরোখাতা : ৪0 হাজার বছরের ঘটনাপঞ্জি / (Record no. 74163)
[ view plain ]
| 000 -LEADER | |
|---|---|
| fixed length control field | 01133nam a2200277 a 4500 |
| 001 - CONTROL NUMBER | |
| control field | 74163 |
| 003 - CONTROL NUMBER IDENTIFIER | |
| rucl marc code | BD-RjUL |
| 005 - DATE AND TIME OF LATEST TRANSACTION | |
| control field | 20211209082514.0 |
| 008 - FIXED-LENGTH DATA ELEMENTS--GENERAL INFORMATION | |
| fixed length control field | 180312s2006 bg ad||| |||| 001 0 ben d |
| 020 ## - INTERNATIONAL STANDARD BOOK NUMBER | |
| International Standard Book Number | 9844832276 |
| Terms of availability | Tk. 400.00 |
| 035 ## - SYSTEM CONTROL NUMBER | |
| System control number | (BD-RjUL)74381 |
| 040 ## - CATALOGING SOURCE | |
| Original cataloging agency | BD-RjUL |
| Language of cataloging | eng |
| Transcribing agency | BD-RjUL |
| 041 ## - LANGUAGE CODE | |
| Language code of text/sound track or separate title | ben |
| 082 ## - DEWEY DECIMAL CLASSIFICATION NUMBER | |
| Edition number | 23 |
| Classification number | 910 |
| Author mark and year | ITI |
| 245 00 - TITLE STATEMENT | |
| Title | ইতিহাসের খেরোখাতা : ৪0 হাজার বছরের ঘটনাপঞ্জি / |
| Statement of responsibility, etc. | সম্পাদক ; ফে ফ্রাংকলিন ; অনুবাদ দিলীপ দেবনাথ |
| 260 ## - PUBLICATION, DISTRIBUTION, ETC. (IMPRINT) | |
| Place of publication, distribution, etc. | ঢাকা : |
| Name of publisher, distributor, etc. | দিব্যপ্রকাশ , |
| Date of publication, distribution, etc. | ২০০৬ |
| 300 ## - PHYSICAL DESCRIPTION | |
| Pagination | ২৫৬ পৃ. : |
| Illustrations | ছবি ; |
| Size | ২২ সেমি. |
| 504 ## - BIBLIOGRAPHY, ETC. NOTE | |
| Bibliography, etc | গ্রন্থপঞ্জি সংযুক্ত |
| 650 ## - SUBJECT ADDED ENTRY--TOPICAL TERM | |
| Topical term or geographic name as entry element | ই্তিহাস |
| 9 (RLIN) | 220511 |
| Topical term or geographic name as entry element | World History |
| 9 (RLIN) | 220512 |
| Topical term or geographic name as entry element | ভুগোল |
| 9 (RLIN) | 220513 |
| Topical term or geographic name as entry element | Gegraphy |
| 9 (RLIN) | 220514 |
| 700 ## - ADDED ENTRY--PERSONAL NAME | |
| Personal name | ফ্রাংকলিন, ফে |
| Personal name | অনুবাদ ; দেবনাথ, দিলীপ |
| 942 ## - ADDED ENTRY ELEMENTS (KOHA) | |
| Source of classification or shelving scheme | Dewey Decimal Classification |
| Koha item type | Books |
| Lost status | Source of classification or shelving scheme | Damaged status | Not for loan | Collection code | Permanent Location | Current Location | Shelving location | Date acquired | Source of acquisition | Cost, normal purchase price | Total Checkouts | Full call number | Date last seen | Copy number | Koha item type |
|---|---|---|---|---|---|---|---|---|---|---|---|---|---|---|---|
| Dewey Decimal Classification | Not For Loan | Non-fiction | Central Library, University of Rajshahi | Central Library, University of Rajshahi | Reading Room | 05/04/2017 | Rajshahi Vidyasagar | 400.00 | B 910 ITI 2006 | 12/03/2018 | C-1 | Books | |||
| Dewey Decimal Classification | Non-fiction | Central Library, University of Rajshahi | Central Library, University of Rajshahi | 05/04/2017 | Rajshahi Vidyasagar | 400.00 | B 910 ITI 2006 | 12/03/2018 | C-2 | Books | |||||
| Dewey Decimal Classification | Non-fiction | Central Library, University of Rajshahi | Central Library, University of Rajshahi | 05/04/2017 | Rajshahi Vidyasagar | 400.00 | B 910 ITI 2006 | 12/03/2018 | C-3 | Books |